Family matters / (Record no. 15805)

MARC details
000 -LEADER
fixed length control field 04918nam a2200601 a 4500
005 - DATE AND TIME OF LATEST TRANSACTION
control field 20080927120525.0
008 - FIXED-LENGTH DATA ELEMENTS--GENERAL INFORMATION
fixed length control field 020408s2002 onc | 00| f eng
010 ## - LCCN (DPL NO)
LC control number B-310824-840
020 ## - INTERNATIONAL STANDARD BOOK NUMBER
International Standard Book Number 9780571230556
Terms of availability 299.00
020 ## - INTERNATIONAL STANDARD BOOK NUMBER
International Standard Book Number 0571230555
Terms of availability 299.00
035 ## - SYSTEM CONTROL NUMBER
System control number B-310824-840
035 ## - SYSTEM CONTROL NUMBER
System control number B-359075
037 ## - SOURCE OF ACQUISITION
Source of stock number/acquisition Pansy Books
040 ## - CATALOGING SOURCE
Original cataloging agency dpl
Language of cataloging English
082 ## - DEWEY DECIMAL CLASSIFICATION NUMBER
Classification number N
100 ## - MAIN ENTRY--PERSONAL NAME
Personal name Mistry, Rohinton
245 ## - TITLE STATEMENT
Title Family matters /
Statement of responsibility, etc by Rohinton Mistry
260 ## - PUBLICATION, DISTRIBUTION, ETC. (IMPRINT)
Place of publication, distribution, etc London
Name of publisher, distributor, etc Faber and Faber
Date of publication, distribution, etc 2006
270 ## - ADDRESS
Address 3 Queen Square
City London
Postal code WCIN 3AU
300 ## - PHYSICAL DESCRIPTION
Extent 500p.
Dimensions 22cm(pbk)
650 ## - SUBJECT ADDED ENTRY--TOPICAL TERM
Topical term or geographic name as entry element Parkinson's disease
General subdivision Patients
Form subdivision Fiction.
650 ## - SUBJECT ADDED ENTRY--TOPICAL TERM
Topical term or geographic name as entry element Reminiscing in old age
Form subdivision Fiction.
650 ## - SUBJECT ADDED ENTRY--TOPICAL TERM
Topical term or geographic name as entry element Parent and adult child
Form subdivision Fiction.
650 ## - SUBJECT ADDED ENTRY--TOPICAL TERM
Topical term or geographic name as entry element Apartment houses
Form subdivision Fiction.
650 ## - SUBJECT ADDED ENTRY--TOPICAL TERM
Topical term or geographic name as entry element Stepfamilies
Form subdivision Fiction.
650 ## - SUBJECT ADDED ENTRY--TOPICAL TERM
Topical term or geographic name as entry element Older men
Form subdivision Fiction.
651 ## - SUBJECT ADDED ENTRY--GEOGRAPHIC NAME
Geographic name Bombay (India)
Form subdivision Fiction.
655 ## - INDEX TERM--GENRE/FORM
Genre/form data or focus term Domestic fiction.
Source of term lcsh
856 ## - ELECTRONIC LOCATION AND ACCESS
Materials specified Contributor biographical information
Uniform Resource Identifier <a href="http://www.loc.gov/catdir/bios/random056/2004396231.html">http://www.loc.gov/catdir/bios/random056/2004396231.html</a>
856 ## - ELECTRONIC LOCATION AND ACCESS
Materials specified Sample text
Uniform Resource Identifier <a href="http://www.loc.gov/catdir/samples/random051/2004396231.html">http://www.loc.gov/catdir/samples/random051/2004396231.html</a>
856 ## - ELECTRONIC LOCATION AND ACCESS
Materials specified Publisher description
Uniform Resource Identifier <a href="http://www.loc.gov/catdir/description/random052/2004396231.html">http://www.loc.gov/catdir/description/random052/2004396231.html</a>
942 ## - ADDED ENTRY ELEMENTS (KOHA)
Source of classification or shelving scheme Dewey Decimal Classification
Item type English Books
Classification part N
Call number suffix MIS
Holdings
Withdrawn status Lost status Source of classification or shelving scheme Damaged status Not for loan Collection code Home library Current library Date acquired Source of acquisition Cost, normal purchase price Total Checkouts Full call number Barcode Date last seen Copy number Cost, replacement price Koha item type Public note Total Renewals
Withdrawn   Dewey Decimal Classification     Fiction Andrews Gunj Andrews Gunj 28/04/2009 Pansy Books /847/14.1.09/249/12.12.08/14.1.09 299.00   N MIS B-310832 28/04/2009 1 299.00 English Books    
    Dewey Decimal Classification     Fiction Bawana Bawana 28/04/2009 Pansy Books /847/14.1.09/249/12.12.08/14.1.09 299.00   N MIS B-310837 28/04/2009 1 299.00 English Books    
    Dewey Decimal Classification     Fiction Central Library Central Library 28/04/2009 Pansy Books /847/14.1.09/249/12.12.08/14.1.09 299.00   N MIS B-310824 28/04/2009 1 299.00 English Books    
    Dewey Decimal Classification     Fiction Janak Puri Janak Puri 30/09/2009 Pansy Books/942/29.9.09/92/4.9.09/29.9.09 299.00 12 N MIS B-359075 04/04/2019 1 299.00 English Books   1
    Dewey Decimal Classification     Fiction Karol Bagh Karol Bagh 28/04/2009 Pansy Books /847/14.1.09/249/12.12.08/14.1.09 299.00   N MIS B-310835 28/04/2009 1 299.00 English Books    
    Dewey Decimal Classification     Fiction Kasturba Gandhi Marg Kasturba Gandhi Marg 28/04/2009 Pansy Books /847/14.1.09/249/12.12.08/14.1.09 299.00   N MIS B-310828 28/04/2009 1 299.00 English Books    
    Dewey Decimal Classification     Fiction Mobile Library Mobile Library 28/04/2009 Pansy Books /847/14.1.09/249/12.12.08/14.1.09 299.00   N MIS B-310825 28/04/2009 2 299.00 English Books    
Written off   Dewey Decimal Classification     Fiction Mobile Library Mobile Library 28/04/2009 Pansy Books /847/14.1.09/249/12.12.08/14.1.09 299.00   N MIS B-310826 28/04/2009 2 299.00 English Books Written off on approval by DLB (By Circulation); dtd 15-06-2023  
    Dewey Decimal Classification     Fiction Narela Narela 28/04/2009 Pansy Books /847/14.1.09/249/12.12.08/14.1.09 299.00   N MIS B-310836 28/04/2009 1 299.00 English Books    
    Dewey Decimal Classification     Fiction Patel Nagar Patel Nagar 28/04/2009 Pansy Books /847/14.1.09/249/12.12.08/14.1.09 299.00   N MIS B-310827 28/04/2009 1 299.00 English Books    
    Dewey Decimal Classification     Fiction Peshwa Road Peshwa Road 28/04/2009 Pansy Books /847/14.1.09/249/12.12.08/14.1.09 299.00   N MIS B-310829 28/04/2009 1 299.00 English Books    
    Dewey Decimal Classification     Fiction R.C.Libraries (zls) R.C.Libraries (zls) 28/04/2009 Pansy Books /847/14.1.09/249/12.12.08/14.1.09 299.00   N MIS B-310839 28/04/2009 2 299.00 English Books    
    Dewey Decimal Classification     Fiction R.C.Libraries (zls) R.C.Libraries (zls) 28/04/2009 Pansy Books /847/14.1.09/249/12.12.08/14.1.09 299.00   N MIS B-310840 28/04/2009 2 299.00 English Books    
    Dewey Decimal Classification     Fiction R.K.Puram-8 R.K.Puram-8 28/04/2009 Pansy Books /847/14.1.09/249/12.12.08/14.1.09 299.00   N MIS B-310831 28/04/2009 1 299.00 English Books    
    Dewey Decimal Classification     Fiction Sarojini Nagar Sarojini Nagar 28/04/2009 Pansy Books /847/14.1.09/249/12.12.08/14.1.09 299.00 15 N MIS B-310830 20/10/2017 1 299.00 English Books    
    Dewey Decimal Classification     Fiction Shahdara Branch Shahdara Branch 28/04/2009 Pansy Books /847/14.1.09/249/12.12.08/14.1.09 299.00 3 N MIS B-310838 27/09/2025 1 299.00 English Books   2
    Dewey Decimal Classification     Fiction Sriniwas Puri Sriniwas Puri 28/04/2009 Pansy Books /847/14.1.09/249/12.12.08/14.1.09 299.00   N MIS B-310833 28/04/2009 1 299.00 English Books    
    Dewey Decimal Classification     Fiction Vinoba Puri Vinoba Puri 28/04/2009 Pansy Books /847/14.1.09/249/12.12.08/14.1.09 299.00 7 N MIS B-310834 29/11/2019 1 299.00 English Books   5

© Delhi Public Library
Hit Counter
free hit counter